NFL Top 100 Players of 2012 - Statistics

General Stats
  • This quiz has been taken 64 times
  • The average score is 56 of 100
Answer Stats
Rank Team Position Answer % Correct
1. Packers QB Aaron Rodgers
98%
2. Saints QB Drew Brees
98%
3. Lions WR Calvin Johnson
96%
4. Patriots QB Tom Brady
96%
8. Vikings RB Adrian Peterson
94%
7. Cardinals WR Larry Fitzgerald
94%
100. Titans RB Chris Johnson
92%
42. Eagles OT Jason Peters
92%
50. Colts QB Peyton Manning
92%
15. Texans WR Andre Johnson
90%
78. Chiefs LB Derrick Johnson
90%
31. Giants QB Eli Manning
90%
55. Cardinals CB Patrick Peterson
90%
20. Ravens LB Ray Lewis
88%
21. Patriots TE Rob Gronkowski
88%
5. Jets CB Darrelle Revis
86%
16. Ravens S Ed Reed
84%
30. Steelers QB Ben Roethlisberger
82%
41. Lions QB Matthew Stafford
82%
19. Steelers S Troy Polamalu
82%
40. Panthers QB Cam Newton
80%
14. Saints TE Jimmy Graham
80%
17. 49ers DE Justin Smith
76%
18. Eagles RB LeSean McCoy
76%
61. Chargers QB Philip Rivers
76%
35. Panthers WR Steve Smith
76%
66. Seahawks S Earl Thomas
73%
82. Browns OT Joe Thomas
73%
53. Falcons TE Tony Gonzalez
73%
91. Cowboys QB Tony Romo
73%
23. Patriots WR Wes Welker
73%
38. Lions DT Ndamukong Suh
71%
77. Bengals WR A.J. Green
69%
94. Seahawks RB Marshawn Lynch
69%
12. Jaguars RB Maurice Jones-Drew
69%
22. Ravens RB Ray Rice
69%
43. 49ers TE Vernon Davis
69%
71. Eagles WR DeSean Jackson
67%
96. Browns LB D'Qwell Jackson
67%
83. Bills RB Fred Jackson
67%
80. Packers WR Jordy Nelson
67%
70. Eagles QB Michael Vick
67%
10. 49ers LB Patrick Willis
67%
37. Rams RB Steven Jackson
67%
29. Steelers LB James Harrison
65%
74. Ravens QB Joe Flacco
65%
65. Falcons WR Roddy White
65%
28. 49ers RB Frank Gore
63%
13. Vikings DE Jared Allen
63%
11. Ravens LB Terrell Suggs
63%
27. Packers LB Clay Matthews
61%
6. Cowboys LB DeMarcus Ware
61%
33. Bears RB Matt Forte
61%
25. Texans RB Arian Foster
59%
75. Cowboys TE Jason Witten
59%
51. Bears LB Brian Urlacher
57%
39. Giants WR Victor Cruz
57%
52. Broncos LB Von Miller
57%
36. Packers CB Charles Woodson
53%
9. Ravens DT Haloti Ngata
53%
49. Steelers C Maurkice Pouncey
51%
24. Giants DE Jason Pierre-Paul
49%
46. Broncos CB Champ Bailey
47%
56. Packers WR Greg Jennings
47%
85. 49ers LB NaVorro Bowman
47%
26. Bears DE Julius Peppers
45%
62. Giants DE Justin Tuck
45%
81. Patriots DT Vince Wilfork
45%
60. Raiders RB Darren McFadden
43%
89. Colts DE Dwight Freeney
43%
95. Broncos QB Tim Tebow
43%
54. Texans LB Brian Cushing
39%
34. Chiefs DE Tamba Hali
37%
48. Bears WR Devin Hester
33%
92. Packers FB John Kuhn
33%
88. Falcons RB Michael Turner
33%
67. 49ers OT Joe Staley
31%
84. Rams DE Chris Long
29%
59. Dolphins OT Jake Long
29%
76. Saints OG Carl Nicks
27%
90. Giants WR Hakeem Nicks
27%
32. Saints OG Jahri Evans
27%
47. Steelers WR Mike Wallace
27%
99. Panthers C Ryan Kalil
27%
64. Patriots OG Logan Mankins
24%
72. Bears LB Lance Briggs
22%
73. Texans CB Johnathan Joseph
20%
87. Redskins LB London Fletcher
18%
86. Saints RB Darren Sproles
16%
57. Eagles DE Trent Cole
16%
45. Ravens FB Vonta Leach
16%
79. Eagles CB Nnamdi Asomugha
14%
63. Steelers LB LaMarr Woodley
12%
97. Buccaneers OT Donald Penn
10%
68. Broncos DE Elvis Dumervil
10%
58. Saints LB Jonathan Vilma
10%
98. Broncos RB Willis McGahee
10%
44. Eagles DE Jason Babin
8%
93. Titans S Cortland Finnegan
6%
69. 49ers CB Carlos Rogers
4%
No matching quizzes found
Score Distribution
Percent of People with Each Score
Percentile by Number Answered
Your Score History
You have not taken this quiz